La travesía del explorador del amanecer

Furkejuvvon:
Bibliográfalaš dieđut
Váldodahkki: Lewis, C. S (Dahkki)
Materiálatiipa: Girji
Giella:espánnjágiella
Almmustuhtton: Santiago Andrés Bello 1998
Preanttus:8a. ed
Ráidu:Las Crónicas de Narnia, 3
Fáttát:
Fáddágilkorat: Lasit fáddágilkoriid
Eai fáddágilkorat, Lasit vuosttaš fáddágilkora!

MARC

LEADER 00000nam a2200000 a 4500
001 UCH2788
003 CL-VaPUC
005 20230904152806.0
008 090624e19980000CL |||||||||||||||||spa|d
999 |c 334486  |d 334484 
020 |a 9561315599 
040 |c Pontificia Universidad Católica de Valparaíso 
082 0 4 |a 823  |b LEW  |2 21 
100 |a Lewis, C. S  |e author  |9 328236 
245 1 3 |a La travesía del explorador del amanecer 
250 |a 8a. ed 
260 |a Santiago  |b Andrés Bello  |c 1998 
300 |a 205 p 
490 0 |a Las Crónicas de Narnia, 3 
583 |a last modification  |c 20090624 00:00:00  |k Rodrigo Vera 
650 0 |a Cuento infantil inglés  |9 310546 
650 0 |a Cuentos ingleses  |9 265135 
942 |c BK  |2 ddc 
945 |d 20090624 00:00:00  |a dcastane 
952 |0 0  |1 0  |4 0  |6 823_000000000000000_LEW_1998  |7 0  |8 A  |9 423542  |a BIBEDU  |b BIBEDU  |d 2019-11-22  |i 4568761  |o 823 LEW 1998  |p 4568761  |r 2019-11-22  |w 2019-11-22  |y BK  |k EDU